Rapid rural appraisal in Northeast Thailand case studies
Enregistré dans:
| Format: | Livre |
|---|---|
| Langue: | Undetermined |
| Publié: |
Thailand
Khon Kaen University
1988
|
| Sujets: | |
| Tags: |
Ajouter un tag
Pas de tags, Soyez le premier à ajouter un tag!
|
| Thư viện lưu trữ: | Trung tâm Học liệu Trường Đại học Cần Thơ |
|---|
| LEADER | 00472nam a2200157Ia 4500 | ||
|---|---|---|---|
| 001 | CTU_30072 | ||
| 008 | 210402s9999 xx 000 0 und d | ||
| 082 | |a 630 | ||
| 082 | |b R218 | ||
| 245 | 0 | |a Rapid rural appraisal in Northeast Thailand case studies | |
| 260 | |a Thailand | ||
| 260 | |b Khon Kaen University | ||
| 260 | |c 1988 | ||
| 650 | |a agriculture - research - Northeast Thailand | ||
| 904 | |i Liên, 990226 | ||
| 980 | |a Trung tâm Học liệu Trường Đại học Cần Thơ | ||